000 00542pam a2200193 a 4500
020 _c6025.00 (HB)
041 _aeng
_hNULL
082 _a618.047543
_bFLE/MAN
100 _aFLEISCHER, A .
245 _aSONOGRAPHY IN OBSTETRICS & GYNAECOLOGY PRINCIPAL & PRACTICE /
_cNULL.
_hTextual Documents
250 _a6 /
_b.
260 _aNULL :
_bMCGRAW HILL ,
_c2001.
300 _a1271 :
_bxvi ;
_cNULL .
365 _a6025.00
700 _aMANNING, F .
_aJEANTY, P .
930 _a1009
999 _c795545
_d795545
650 _aOBST.GYNE